Reconfiguring "Post-socialist" Regions: Cross-border Networks and Regional Competition in the Slovak and Ukrainian Clothing Industry
Regionálne a globálne zdroje a "prízrak" Číny. Cezhraničná produkcia, geo-ekonomická/geo-politická integrácia a nové rozdelenie práce vo východnej a strednej Európe. Rozvíjajúce sa cezhraničné režimy výroby. Regionálna súťaživosť Slovenska a Ukrajiny. Obmedzenia cezhraničnej výroby.
Salvato in:
| Autore principale: | |
|---|---|
| Altri autori: | , , , |
| Natura: | Capitolo di libro |
| Lingua: | inglese |
| Soggetti: | |
| Tags: |
Nessun Tag, puoi essere il primo ad aggiungerne!!
|
MARC
| LEADER | 00000naa$a2200000$$$4500 | ||
|---|---|---|---|
| 001 | 0081150 | ||
| 005 | 20240502083218.0 | ||
| 041 | 0 | |a eng | |
| 044 | |a GB | ||
| 245 | 1 | 0 | |a Reconfiguring "Post-socialist" Regions: Cross-border Networks and Regional Competition in the Slovak and Ukrainian Clothing Industry |c Adrian Smith, John Pickles, Milan Buček, Bob Begg, Poli Roukova |
| 520 | |a Regionálne a globálne zdroje a "prízrak" Číny. Cezhraničná produkcia, geo-ekonomická/geo-politická integrácia a nové rozdelenie práce vo východnej a strednej Európe. Rozvíjajúce sa cezhraničné režimy výroby. Regionálna súťaživosť Slovenska a Ukrajiny. Obmedzenia cezhraničnej výroby. | ||
| 610 | 2 | 0 | |a priemysel textilný |
| 610 | 2 | 0 | |a spolupráca cezhraničná |
| 610 | 2 | 0 | |a obchod zahraničný |
| 610 | 2 | 0 | |a liberalizácia |
| 610 | 2 | 0 | |a konkurencia |
| 610 | 2 | 0 | |a Slovensko |
| 610 | 2 | 0 | |a Ukrajina |
| 100 | 1 | |a Smith, Adrian | |
| 700 | 1 | |a Pickles, John | |
| 700 | 1 | |a Buček, Milan | |
| 700 | 1 | |a Begg, Bob | |
| 700 | 1 | |a Roukova, Poli | |